Central Library OPAC University of Rajshahi

The making of George Washington / (Record no. 24275)

MARC details
000 -LEADER
fixed length control field 00796cam a2200253 4500
001 - CONTROL NUMBER
control field 24275
003 - CONTROL NUMBER IDENTIFIER
rucl marc code BD-RjUL
005 - DATE AND TIME OF LATEST TRANSACTION
control field 20211209001029.0
008 - FIXED-LENGTH DATA ELEMENTS--GENERAL INFORMATION
fixed length control field 140313s1970 flu b 000 0beng
035 ## - SYSTEM CONTROL NUMBER
System control number (BD-RjUL)24341
040 ## - CATALOGING SOURCE
Original cataloging agency DLC
Transcribing agency DLC
Modifying agency DLC
-- BD-RjUL
Language of cataloging eng
041 ## - LANGUAGE CODE
Language code of text/sound track or separate title eng
082 00 - DEWEY DECIMAL CLASSIFICATION NUMBER
Classification number 973.410924
Author mark and year WIM 1970
100 1# - MAIN ENTRY--PERSONAL NAME
Personal name Wilbur, William H.
Fuller form of name (William Hale),
Dates associated with a name 1888-1979.
9 (RLIN) 74770
245 14 - TITLE STATEMENT
Title The making of George Washington /
Statement of responsibility, etc. by William H. Wilbur. With a foreword by Kenneth D. Wells.
250 ## - EDITION STATEMENT
Edition statement 1st ed.
260 ## - PUBLICATION, DISTRIBUTION, ETC. (IMPRINT)
Place of publication, distribution, etc. DeLand, Fla. :
Name of publisher, distributor, etc. Patriotic Education,
Date of publication, distribution, etc. 1970.
300 ## - PHYSICAL DESCRIPTION
Pagination xv, 256 p. ;
Size 18 cm.
504 ## - BIBLIOGRAPHY, ETC. NOTE
Bibliography, etc Includes bibliographical references.
600 10 - SUBJECT ADDED ENTRY--PERSONAL NAME
Personal name Washington, George,
Dates associated with a name 1732-1799.
942 ## - ADDED ENTRY ELEMENTS (KOHA)
Source of classification or shelving scheme Dewey Decimal Classification
Koha item type Books
Holdings
Lost status Source of classification or shelving scheme Damaged status Not for loan Collection code Permanent Location Current Location Shelving location Date acquired Source of acquisition Total Checkouts Full call number Date last seen Copy number Koha item type
  Dewey Decimal Classification   Added to bundle Non-fiction Central Library, University of Rajshahi Central Library, University of Rajshahi Reading Room 11/08/1985 Asia Fundation   973.410924 WIM 1970 13/03/2014 C-1 Books